Hebden: chemistry 12: a workbook for students. / (Record no. 6882)

MARC details
000 -LEADER
fixed length control field 00601nam a22001577a 4500
008 - FIXED-LENGTH DATA ELEMENTS--GENERAL INFORMATION
fixed length control field 190802b xxu||||| |||| 00| 0 eng d
020 ## - INTERNATIONAL STANDARD BOOK NUMBER
International Standard Book Number 9780968206904
050 ## - LIBRARY OF CONGRESS CALL NUMBER
Classification number QD31.2.H42
100 ## - MAIN ENTRY--PERSONAL NAME
Personal name Hebden, James A.
245 ## - TITLE STATEMENT
Title Hebden: chemistry 12: a workbook for students. /
Statement of responsibility, etc. James Hebden
260 ## - PUBLICATION, DISTRIBUTION, ETC.
Place of publication, distribution, etc. Kamloops B.C.:
Name of publisher, distributor, etc. Hebden Home Publishing,
Date of publication, distribution, etc. 1997.
300 ## - PHYSICAL DESCRIPTION
Extent vi, 336 p. :
Other physical details ill.;
Dimensions 28cm
500 ## - GENERAL NOTE
General note
505 ## - FORMATTED CONTENTS NOTE
Formatted contents note Contents: Unit I: Reaction kinetics -- Unit II: Equilibrium -- Unit III: Solubility equilibrium -- Unit IV: Acids, bases and salts -- Unit V: Electrochemistry.
942 ## - ADDED ENTRY ELEMENTS (KOHA)
Source of classification or shelving scheme Library of Congress Classification
Koha item type Books
Holdings
Withdrawn status Lost status Source of classification or shelving scheme Damaged status Not for loan Home library Current library Date acquired Total Checkouts Full call number Barcode Date last seen Price effective from Koha item type
    Library of Congress Classification     WISCONSIN INTERNATIONAL UNIVERSITY COLLEGE, GHANA - MAIN LIBRARY WISCONSIN INTERNATIONAL UNIVERSITY COLLEGE, GHANA - MAIN LIBRARY 07/08/2019   QD31.2.H42 8132/094/16 07/08/2019 07/08/2019 Books

If you have any concerns or questions; kindly contact the library


© Powered by WIUC ICT DIRECTORATE